00883cam a22002657a 4500001000500000005001700005020001800022040003200040050002300072082000800095100002800103245005100131250003100182260003400213300004700247490001400294505000800308520014900316521002000465521002000485650003200505650003300537650002300570650002400593313920250828151129.0 a9780545177658 aBTCTAbengcBTCTAdBKXdDLC00aPZ7.B911137b 201000a303 aSteele, Michael Anthony00aBuild this city!.cby Steele, Michael Anthony aFirst printing , July 2010 aNew York :bScholastic,c2010 a24 pages : bcolor illustrations ;c21 cm.0 aLego city aO  aA new building is constructed in Lego City, and all different vehicles are used help build it, including an excavator, a bulldozer, and a crane. a600 bLexile  aO bRaz-Plus  0aBuildingvJuvenile fiction. 0aLEGO toysvJuvenile fiction. 1aBuildingvFiction. 1aLEGO toysvFiction.